| 000 | 00762nam a2200193 i 4500 | ||
|---|---|---|---|
| 001 | 59859 | ||
| 003 | ES-MaACL | ||
| 005 | 20230906164119.0 | ||
| 007 | t| | ||
| 008 | 031031s1957 po ||||1| spa d | ||
| 100 | 1 |
_aEscagües de Javierre, Isidoro. _947455 |
|
| 245 | 1 | 0 |
_aLímites probables de las conquistas árabes en la frontera superior / _cpor Isidoro Escagües de Javierre. |
| 260 |
_aCoimbra : _b[s.n., _c1957] ( _fGraf. de Coimbra) |
||
| 300 |
_a14 p. ; _c26 cm. |
||
| 500 | _aEs Separata de: Publicaçoes do XXIII Congreso Luso-Espanhol, T. VIII. | ||
| 500 | _aPrecede al tít.: Associaçao Portuguesa pra o Progresso das Ciencias. | ||
| 710 | 2 |
_aAssociaçao Portuguesa para o Progresso das Ciencias. _91802 |
|
| 852 |
_aES-MaACL _j2022-F-15 _bR.48275 |
||
| 999 |
_c59859 _d59859 |
||